[Event "57. Bulgaria ch femenino"]
[Site "Plovdiv BUL"]
[Date "2008.03.19"]
[Round "5.2"]
[White "Voiska, Margarita"]
[Black "Trifonova, Sandra"]
[Result "1-0"]
[WhiteElo "2333"]
[BlackElo "1957"]
[PlyCount "97"]
[EventDate "2008.03.15"]
[EventType "tourn"]
[EventRounds "11"]
[EventCountry "BUL"]
[EventCategory "6"]
[Source "lmi"]
[SourceDate "2008.03.14"]

1. Nf3 Nf6 2. c4 g6 3. Nc3 d5 4. cxd5 Nxd5 5. Qa4+ Nc6 6. Ne5 Nxc3 7. dxc3 Bd7
8. Nxd7 Qxd7 9. e4 a6 10. Be3 Rd8 11. Be2 Ne5 12. Qb3 Qc6 13. Bd4 Qxe4 14. O-O
Bg7 15. Rfe1 O-O 16. Bxa6 Qf4 17. Bxe5 Bxe5 18. g3 Qf6 19. Be2 b6 20. Rad1 Bd6
21. Qc2 Ra8 22. a4 h5 23. Bc4 Kg7 24. Bd5 Rad8 25. Rd3 h4 26. Rf3 Qg5 27. Bc4
Qg4 28. Qe4 Qxe4 29. Rxe4 hxg3 30. hxg3 f5 31. Re6 Rf6 32. Rfe3 Rdf8 33. b4 f4
34. Rxf6 fxe3 35. Rxf8 Kxf8 36. fxe3 Bxg3 37. Kg2 Bd6 38. Kf3 Kg7 39. Ke4 Kf6
40. Kd5 c5 41. b5 Be5 42. Kc6 g5 43. Kxb6 Bd6 44. a5 g4 45. a6 g3 46. Bd5 Ke5
47. Bg2 Kf6 48. a7 Be5 49. a8=Q 1-0

[Event "57. Bulgaria ch femenino"]
[Site "Plovdiv BUL"]
[Date "2008.03.19"]
[Round "5.3"]
[White "Nikolova, Adriana"]
[Black "Videnova, Iva"]
[Result "0-1"]
[WhiteElo "2194"]
[BlackElo "2188"]
[PlyCount "72"]
[EventDate "2008.03.15"]
[EventType "tourn"]
[EventRounds "11"]
[EventCountry "BUL"]
[EventCategory "6"]
[Source "lmi"]
[SourceDate "2008.03.14"]

1. e4 c5 2. Nf3 d6 3. d4 cxd4 4. Nxd4 Nf6 5. Nc3 a6 6. Bg5 e6 7. f4 Qb6 8. Nb3
Be7 9. Qf3 Nbd7 10. Bh4 Qc7 11. Bf2 b5 12. Bd3 Bb7 13. O-O Nc5 14. Rfe1 b4 15.
Nd1 O-O 16. Bxc5 dxc5 17. Nd2 Bd6 18. g3 Nd7 19. Qe2 Qc6 20. Nc4 Bc7 21. h3 f5
22. Kh2 e5 23. fxe5 f4 24. gxf4 Rxf4 25. Qh5 Raf8 26. Kg1 R4f5 27. Qg4 Nxe5 28.
Nxe5 Rxe5 29. Bc4+ Kh8 30. h4 Qd6 31. Qg3 Rg5 32. e5 Rxg3+ 33. Kh2 Rg2+ 34. Kh1
Re2+ 35. Bd5 Qxd5+ 36. Kg1 Qg2# 0-1

[Event "57. Bulgaria ch femenino"]
[Site "Plovdiv BUL"]
[Date "2008.03.19"]
[Round "5.4"]
[White "Chilingirova, Pavlina"]
[Black "Bednikova, Stefi"]
[Result "1-0"]
[WhiteElo "2213"]
[BlackElo "2088"]
[PlyCount "75"]
[EventDate "2008.03.15"]
[EventType "tourn"]
[EventRounds "11"]
[EventCountry "BUL"]
[EventCategory "6"]
[Source "lmi"]
[SourceDate "2008.03.14"]

1. d4 d5 2. c4 e6 3. Nf3 Nf6 4. g3 Bb4+ 5. Bd2 Be7 6. Bg2 dxc4 7. O-O O-O 8.
Qc2 c5 9. Qxc4 Nbd7 10. Nc3 cxd4 11. Nb5 Nb6 12. Qxd4 Bd7 13. Na3 Bc6 14. Ba5
Qxd4 15. Nxd4 Bxg2 16. Kxg2 Nbd5 17. Nc4 Rac8 18. Rfc1 a6 19. Ne5 Bd6 20. Nd3
Ne4 21. Nb3 b6 22. Be1 g6 23. Kg1 h5 24. f3 Nef6 25. e4 Ne3 26. e5 Nc2 27. Rab1
Bxe5 28. Nxe5 Nd5 29. Bf2 Rfd8 30. Nd4 Ndb4 31. Nxc2 Nxc2 32. Rd1 b5 33. Bb6
Rd5 34. Rbc1 Kg7 35. Rxd5 exd5 36. Nd3 Rc4 37. b3 Rc6 38. Bc5 1-0

[Event "57. Bulgaria ch femenino"]
[Site "Plovdiv BUL"]
[Date "2008.03.19"]
[Round "5.5"]
[White "Vladimirova, Maria"]
[Black "Raeva, Elitsa"]
[Result "0-1"]
[WhiteElo "1971"]
[BlackElo "2258"]
[PlyCount "64"]
[EventDate "2008.03.15"]
[EventType "tourn"]
[EventRounds "11"]
[EventCountry "BUL"]
[EventCategory "6"]
[Source "lmi"]
[SourceDate "2008.03.14"]

1. e4 c5 2. Nc3 Nc6 3. f4 d6 4. Bc4 e6 5. Nf3 Nf6 6. O-O a6 7. a4 Be7 8. d3 Rb8
9. Qe1 d5 10. Ba2 b5 11. e5 Nd7 12. axb5 axb5 13. Qg3 g6 14. Nxd5 exd5 15. Bxd5
Ndxe5 16. Nxe5 Qxd5 17. Nxc6 Qxc6 18. f5 O-O 19. f6 Bd6 20. Bf4 Rd8 21. Rae1
Rb6 22. Re4 Bf5 23. Re5 Bxe5 24. Bxe5 Bc8 25. Qg5 Qe8 26. Bc7 Rc6 27. Bxd8 Qxd8
28. Re1 Qd4+ 29. Kh1 Qxf6 30. Qh6 Re6 31. Ra1 Qf2 32. h4 Bb7 0-1

[Event "57. Bulgaria ch femenino"]
[Site "Plovdiv BUL"]
[Date "2008.03.19"]
[Round "5.6"]
[White "Velcheva, Maria"]
[Black "Jordanova, Svetla"]
[Result "1-0"]
[WhiteElo "2266"]
[BlackElo "2145"]
[PlyCount "85"]
[EventDate "2008.03.15"]
[EventType "tourn"]
[EventRounds "11"]
[EventCountry "BUL"]
[EventCategory "6"]
[Source "lmi"]
[SourceDate "2008.03.14"]

1. e4 c5 2. Nf3 d6 3. d4 cxd4 4. Nxd4 Nf6 5. Nc3 a6 6. Be3 e5 7. Nf3 Be7 8. Bc4
Nc6 9. O-O O-O 10. Bg5 Be6 11. Bb3 Na5 12. Bxf6 Bxf6 13. Nd5 Nxb3 14. axb3 Rc8
15. c4 Bxd5 16. Qxd5 Qb6 17. Qd3 h6 18. g3 Rc6 19. Rfd1 Rfc8 20. h4 Qb4 21. Ne1
Bd8 22. Nc2 Qc5 23. Ne3 b5 24. Qc3 bxc4 25. bxc4 Rb8 26. Ra4 a5 27. Nd5 Qa7 28.
Rb1 Qd7 29. Qc2 Rbc8 30. Rba1 Rc5 31. Qd3 Kh7 32. b3 Qe6 33. Kg2 g6 34. Rf1 Rb8
35. Ra2 f5 36. f4 exf4 37. Rxf4 fxe4 38. Rxe4 Qg8 39. Rae2 Qg7 40. Re7 Bxe7 41.
Rxe7 a4 42. Rxg7+ Kxg7 43. Qd4+ 1-0

[Event "57. Bulgaria ch femenino"]
[Site "Plovdiv BUL"]
[Date "2008.03.19"]
[Round "6.1"]
[White "Genova, Lyubka"]
[Black "Jordanova, Svetla"]
[Result "1/2-1/2"]
[WhiteElo "2232"]
[BlackElo "2145"]
[PlyCount "43"]
[EventDate "2008.03.15"]
[EventType "tourn"]
[EventRounds "11"]
[EventCountry "BUL"]
[EventCategory "6"]
[Source "lmi"]
[SourceDate "2008.03.14"]

1. e4 c5 2. Nf3 d6 3. d4 cxd4 4. Nxd4 Nf6 5. Nc3 a6 6. Bc4 e6 7. a3 Nc6 8. O-O
Qc7 9. Ba2 Be7 10. Kh1 O-O 11. f4 Nxd4 12. Qxd4 b5 13. f5 Bd7 14. Bg5 Rad8 15.
Rad1 Bc8 16. Qd3 d5 17. exd5 Ng4 18. Bf4 Bd6 19. Qg3 exf5 20. Rde1 f6 21. Bxd6
Rxd6 22. h3 1/2-1/2

[Event "57. Bulgaria ch femenino"]
[Site "Plovdiv BUL"]
[Date "2008.03.19"]
[Round "6.2"]
[White "Raeva, Elitsa"]
[Black "Velcheva, Maria"]
[Result "1-0"]
[WhiteElo "2258"]
[BlackElo "2266"]
[PlyCount "75"]
[EventDate "2008.03.15"]
[EventType "tourn"]
[EventRounds "11"]
[EventCountry "BUL"]
[EventCategory "6"]
[Source "lmi"]
[SourceDate "2008.03.14"]

1. d4 d5 2. c4 c6 3. Nf3 Nf6 4. Nc3 dxc4 5. a4 Bf5 6. Ne5 Nbd7 7. Nxc4 Nb6 8.
Ne5 a5 9. f3 Nfd7 10. Nxd7 Nxd7 11. e4 Bg6 12. d5 e5 13. dxe6 fxe6 14. Bc4 Qf6
15. O-O Bb4 16. Kh1 Rd8 17. Qe2 O-O 18. Be3 Kh8 19. Rad1 e5 20. Na2 Be7 21. Nc1
Nc5 22. Qc2 b6 23. h3 Bf7 24. Bxf7 Qxf7 25. Bxc5 Bxc5 26. Nd3 Bd4 27. Qxc6 Qh5
28. Qb5 Rd6 29. b4 Rg6 30. Nf4 Qg5 31. Nxg6+ Qxg6 32. bxa5 bxa5 33. Qxa5 Qg3
34. Qb4 Rd8 35. f4 h6 36. Rf3 Qg6 37. fxe5 Qxe4 38. Rfd3 1-0

[Event "57. Bulgaria ch femenino"]
[Site "Plovdiv BUL"]
[Date "2008.03.19"]
[Round "6.4"]
[White "Videnova, Iva"]
[Black "Chilingirova, Pavlina"]
[Result "1-0"]
[WhiteElo "2188"]
[BlackElo "2213"]
[PlyCount "151"]
[EventDate "2008.03.15"]
[EventType "tourn"]
[EventRounds "11"]
[EventCountry "BUL"]
[EventCategory "6"]
[Source "lmi"]
[SourceDate "2008.03.14"]

1. e4 c5 2. Nf3 a6 3. c4 g6 4. d4 cxd4 5. Nxd4 Bg7 6. Be2 Nc6 7. Be3 d6 8. O-O
Nxd4 9. Bxd4 Bxd4 10. Qxd4 Nf6 11. Nc3 O-O 12. f4 Bg4 13. Bd3 Bd7 14. e5 Ne8
15. Be4 Bc6 16. Bxc6 bxc6 17. Rfd1 Qa5 18. Ne4 Rb8 19. b3 Rd8 20. Kh1 d5 21.
Nc5 Qb6 22. g4 Ng7 23. b4 dxc4 24. Qxc4 Qb5 25. Qe4 a5 26. Nd7 Rfe8 27. bxa5 c5
28. a4 Qxa5 29. f5 Qa8 30. Qxa8 Rxa8 31. fxg6 hxg6 32. Nxc5 Ra5 33. Nb7 Ra7 34.
Rd7 Ne6 35. Nc5 Rxd7 36. Nxd7 Ra8 37. a5 Ra6 38. Nb8 Ra8 39. Nc6 Kf8 40. a6 Ke8
41. a7 Kd7 42. Rc1 g5 43. Nb8+ Kd8 44. Rf1 Ke8 45. Ra1 Nc7 46. Ra5 e6 47. Kg2
Nd5 48. Nc6 Kd7 49. Rc5 Kc7 50. Kg3 Kb6 51. Rc1 Nc7 52. Ne7 Kb7 53. Rf1 Rxa7
54. Rxf7 Ra3+ 55. Rf3 Ra5 56. Rb3+ Nb5 57. Ng8 Kc6 58. Nf6 Ra7 59. Rd3 Kc5 60.
Ne4+ Kc4 61. Rd2 Rg7 62. Nd6+ Nxd6 63. Rxd6 Ra7 64. Rxe6 Ra3+ 65. Kg2 Kd5 66.
Rf6 Re3 67. Rf5 Re2+ 68. Kg3 Re3+ 69. Kf2 Rxe5 70. Kg3 Ke6 71. Rxe5+ Kxe5 72.
h4 gxh4+ 73. Kxh4 Kf6 74. Kh5 Kg7 75. Kg5 Kf7 76. Kh6 1-0

[Event "57. Bulgaria ch femenino"]
[Site "Plovdiv BUL"]
[Date "2008.03.19"]
[Round "6.5"]
[White "Trifonova, Sandra"]
[Black "Nikolova, Adriana"]
[Result "1-0"]
[WhiteElo "1957"]
[BlackElo "2194"]
[PlyCount "93"]
[EventDate "2008.03.15"]
[EventType "tourn"]
[EventRounds "11"]
[EventCountry "BUL"]
[EventCategory "6"]
[Source "lmi"]
[SourceDate "2008.03.14"]

1. d4 Nf6 2. Nf3 e6 3. c4 b6 4. g3 Ba6 5. b3 Bb7 6. Bg2 Bb4+ 7. Bd2 a5 8. O-O
O-O 9. a3 Be7 10. Bc3 Ne4 11. Bb2 d6 12. Nfd2 f5 13. Nxe4 fxe4 14. d5 exd5 15.
cxd5 Bf6 16. Bd4 c5 17. dxc6 Nxc6 18. Bxe4 Bxd4 19. Bxc6 Bxa1 20. Bxb7 Ra7 21.
Bd5+ Kh8 22. Nd2 Bd4 23. Ne4 Bc5 24. a4 h6 25. Kg2 Re7 26. Qd3 Ba3 27. f4 Qe8
28. f5 Qh5 29. Be6 d5 30. Nc3 Rd8 31. Rf4 g5 32. Rd4 g4 33. e4 Bc5 34. Rxd5
Rxd5 35. Nxd5 Rxe6 36. fxe6 Qg5 37. Nf4 Be7 38. Qd7 Qf6 39. e5 Qf5 40. Qe8+ Bf8
41. Qxf8+ Qxf8 42. Ng6+ Kg7 43. Nxf8 Kxf8 44. Kf2 Ke7 45. Ke3 Kxe6 46. Ke4 h5
47. Kd4 1-0

[Event "57. Bulgaria ch femenino"]
[Site "Plovdiv BUL"]
[Date "2008.03.20"]
[Round "7.1"]
[White "Voiska, Margarita"]
[Black "Genova, Lyubka"]
[Result "1/2-1/2"]
[WhiteElo "2333"]
[BlackElo "2232"]
[PlyCount "42"]
[EventDate "2008.03.15"]
[EventType "tourn"]
[EventRounds "11"]
[EventCountry "BUL"]
[EventCategory "6"]
[Source "lmi"]
[SourceDate "2008.03.14"]

1. d4 Nf6 2. Nf3 g6 3. g3 Bg7 4. Bg2 O-O 5. O-O d6 6. a4 a5 7. Nbd2 c6 8. e4
Qc7 9. Re1 b6 10. c3 e5 11. Qc2 Ba6 12. b3 Rd8 13. Ba3 Nbd7 14. Rad1 Nf8 15.
Bf1 Bxf1 16. Rxf1 Ne8 17. Nc4 Ne6 18. Ne3 Nf6 19. d5 Nc5 20. Bxc5 bxc5 21. c4
Bh6 1/2-1/2

[Event "57. Bulgaria ch femenino"]
[Site "Plovdiv BUL"]
[Date "2008.03.20"]
[Round "7.2"]
[White "Nikolova, Adriana"]
[Black "Savova, Stefka"]
[Result "1-0"]
[WhiteElo "2194"]
[BlackElo "2165"]
[PlyCount "93"]
[EventDate "2008.03.15"]
[EventType "tourn"]
[EventRounds "11"]
[EventCountry "BUL"]
[EventCategory "6"]
[Source "lmi"]
[SourceDate "2008.03.14"]

1. e4 c5 2. Nf3 d6 3. d4 cxd4 4. Nxd4 Nf6 5. Nc3 a6 6. Bg5 e6 7. f4 Qb6 8. Nb3
Nbd7 9. Qf3 Qc7 10. O-O-O b5 11. Bd3 Bb7 12. Ne2 Be7 13. Ned4 Rc8 14. Kb1 h6
15. Bxf6 Nxf6 16. Rhe1 h5 17. Rc1 Nd7 18. Qg3 Bf6 19. h4 Qb6 20. e5 dxe5 21.
fxe5 Qc7 22. Bxb5 axb5 23. Nxb5 Qb8 24. Nd6+ Kf8 25. exf6 gxf6 26. Na5 Bxg2 27.
Rg1 Rg8 28. Qa3 Rc5 29. Nb3 Qxd6 30. Nxc5 Qxc5 31. Rxg2 Qxa3 32. Rxg8+ Kxg8 33.
bxa3 Nc5 34. Kb2 f5 35. Kc3 e5 36. Kc4 Nd7 37. a4 Kg7 38. a5 f4 39. Kd5 Kf6 40.
c4 Kf5 41. c5 Nb8 42. c6 Na6 43. c7 Nxc7+ 44. Rxc7 f6 45. a6 f3 46. a7 f2 47.
Rc1 1-0

[Event "57. Bulgaria ch femenino"]
[Site "Plovdiv BUL"]
[Date "2008.03.20"]
[Round "7.3"]
[White "Chilingirova, Pavlina"]
[Black "Trifonova, Sandra"]
[Result "1-0"]
[WhiteElo "2213"]
[BlackElo "1957"]
[PlyCount "77"]
[EventDate "2008.03.15"]
[EventType "tourn"]
[EventRounds "11"]
[EventCountry "BUL"]
[EventCategory "6"]
[Source "lmi"]
[SourceDate "2008.03.14"]

1. d4 Nf6 2. c4 g6 3. Nf3 Bg7 4. Nc3 d5 5. cxd5 Nxd5 6. Qb3 Nb6 7. Bg5 Be6 8.
Qc2 Nc6 9. Rd1 Nb4 10. Qc1 Bc4 11. b3 Ba6 12. a3 N4d5 13. Ne4 h6 14. Bd2 Nd7
15. a4 c6 16. Nc5 Nxc5 17. dxc5 Qc7 18. b4 Rd8 19. b5 cxb5 20. e4 Qc6 21. exd5
Rxd5 22. axb5 Bxb5 23. Bxb5 Qxb5 24. Be3 Rxd1+ 25. Qxd1 O-O 26. Nd2 Bc3 27. Qc2
Ba5 28. Bxh6 Rc8 29. Be3 b6 30. h4 Bxd2+ 31. Qxd2 Qb1+ 32. Qd1 Qe4 33. O-O Qxh4
34. Qd7 Rf8 35. c6 Qa4 36. Rc1 Qa6 37. c7 Qc8 38. Qxe7 Re8 39. Qxe8+ 1-0

[Event "57. Bulgaria ch femenino"]
[Site "Plovdiv BUL"]
[Date "2008.03.20"]
[Round "7.5"]
[White "Velcheva, Maria"]
[Black "Bednikova, Stefi"]
[Result "1-0"]
[WhiteElo "2266"]
[BlackElo "2088"]
[PlyCount "95"]
[EventDate "2008.03.15"]
[EventType "tourn"]
[EventRounds "11"]
[EventCountry "BUL"]
[EventCategory "6"]
[Source "lmi"]
[SourceDate "2008.03.14"]

1. e4 d5 2. exd5 Qxd5 3. Nc3 Qa5 4. d4 c6 5. Nf3 Bf5 6. Bd2 e6 7. Ne5 Qb6 8.
Qe2 Nf6 9. O-O-O Bb4 10. g4 Bxc3 11. Bxc3 Be4 12. Rg1 Bd5 13. g5 Nfd7 14. a3
Nxe5 15. Qxe5 O-O 16. Rg3 Nd7 17. Qf4 Rfc8 18. Bd3 g6 19. Rh3 Nf8 20. Bb4 c5
21. dxc5 Rxc5 22. Bxc5 Qxc5 23. Re3 b5 24. Qb4 Qxb4 25. axb4 a5 26. Bxb5 Rb8
27. c4 axb4 28. Kc2 Kg7 29. cxd5 Rxb5 30. Kb3 exd5 31. Re5 Ne6 32. Rexd5 Rb7
33. h4 h6 34. gxh6+ Kxh6 35. Rc1 Nf4 36. Rd2 f5 37. Rc4 Ne6 38. Rd6 Re7 39.
Kxb4 Nc7 40. Rdc6 Ne8 41. Kc3 Re2 42. b4 Rxf2 43. b5 Rf1 44. b6 Rb1 45. Kc2 Rb5
46. Rc3 Kh5 47. Rb3 Nd6 48. Rxd6 1-0

[Event "57. Bulgaria ch femenino"]
[Site "Plovdiv BUL"]
[Date "2008.03.21"]
[Round "8.1"]
[White "Genova, Lyubka"]
[Black "Raeva, Elitsa"]
[Result "1/2-1/2"]
[WhiteElo "2232"]
[BlackElo "2258"]
[PlyCount "83"]
[EventDate "2008.03.15"]
[EventType "tourn"]
[EventRounds "11"]
[EventCountry "BUL"]
[EventCategory "6"]
[Source "lmi"]
[SourceDate "2008.03.14"]

1. e4 c5 2. Nf3 Nc6 3. d4 cxd4 4. Nxd4 g6 5. c4 Bg7 6. Be3 Nf6 7. Nc3 Ng4 8.
Qxg4 Nxd4 9. Qd1 e5 10. Bd3 O-O 11. O-O d6 12. Qd2 Bd7 13. Rac1 Qh4 14. Bg5 Qg4
15. f3 Qh5 16. Ne2 Ne6 17. Be3 Rfd8 18. Bb1 Bc6 19. Rfd1 Bf8 20. b3 Qh4 21. Bf2
Qf6 22. b4 h5 23. Bc2 g5 24. Ng3 Ng7 25. Be3 Be7 26. h3 Bd7 27. Qf2 Qg6 28. Kh2
g4 29. fxg4 hxg4 30. Nf5 Bg5 31. Rxd6 Be6 32. Rcd1 Rxd6 33. Rxd6 gxh3 34. gxh3
Qh5 35. Bxg5 Qxg5 36. Qg3 Qxg3+ 37. Kxg3 Bxc4 38. Nh6+ Kf8 39. Rd7 Bxa2 40.
Rxb7 Nh5+ 41. Kh4 Nf4 42. Bd1 1/2-1/2

[Event "57. Bulgaria ch femenino"]
[Site "Plovdiv BUL"]
[Date "2008.03.21"]
[Round "8.2"]
[White "Bednikova, Stefi"]
[Black "Jordanova, Svetla"]
[Result "0-1"]
[WhiteElo "2088"]
[BlackElo "2145"]
[PlyCount "144"]
[EventDate "2008.03.15"]
[EventType "tourn"]
[EventRounds "11"]
[EventCountry "BUL"]
[EventCategory "6"]
[Source "lmi"]
[SourceDate "2008.03.14"]

1. e4 c5 2. Nf3 d6 3. d4 cxd4 4. Nxd4 Nf6 5. f3 e5 6. Nb3 Be6 7. c4 a5 8. Be3
a4 9. N3d2 Be7 10. Nc3 Qa5 11. Nd5 Bd8 12. Be2 Nc6 13. O-O O-O 14. Rb1 Nd7 15.
b4 axb3 16. Nxb3 Qa3 17. Nc3 Bb6 18. Bxb6 Nxb6 19. Nb5 Qa4 20. Nxd6 Nxc4 21.
Nxc4 Bxc4 22. Bxc4 Qxc4 23. Qc1 Qb4 24. Rf2 Rfc8 25. Qc5 h6 26. Qxb4 Nxb4 27.
Na5 Nd3 28. Rd2 Rxa5 29. Rxd3 Rxa2 30. h4 Rcc2 31. g3 Rg2+ 32. Kh1 Rxg3 33.
Rxb7 f6 34. h5 Rh3+ 35. Kg1 Rxh5 36. Rd8+ Kh7 37. Rf8 Rg5+ 38. Kh1 Ra6 39. Rff7
h5 40. Kh2 Kh6 41. Rf8 Ra2+ 42. Kh3 Ra3 43. Rh8+ Kg6 44. Rg8 Rxf3+ 45. Kh2 Kh7
46. Rbb8 Rf4 47. Kh3 Rxe4 48. Rh8+ Kg6 49. Rb7 Re3+ 50. Kh2 Kf5 51. Rb1 Rf3 52.
Rf8 e4 53. Rd1 Kf4 54. Re8 Ra5 55. Re1 Ra2+ 56. Kg1 f5 57. Kh1 g5 58. Re7 g4
59. Rf7 Rff2 60. Kg1 Rg2+ 61. Kh1 Rh2+ 62. Kg1 Rag2+ 63. Kf1 Rh1+ 64. Kxg2 Rxe1
65. Kh2 Re2+ 66. Kg1 h4 67. Rf8 Ra2 68. Rf6 h3 69. Rf8 g3 70. Kf1 g2+ 71. Kg1
Ra1+ 72. Kh2 Rh1# 0-1

[Event "57. Bulgaria ch femenino"]
[Site "Plovdiv BUL"]
[Date "2008.03.21"]
[Round "8.3"]
[White "Videnova, Iva"]
[Black "Velcheva, Maria"]
[Result "0-1"]
[WhiteElo "2188"]
[BlackElo "2266"]
[PlyCount "72"]
[EventDate "2008.03.15"]
[EventType "tourn"]
[EventRounds "11"]
[EventCountry "BUL"]
[EventCategory "6"]
[Source "lmi"]
[SourceDate "2008.03.14"]

1. e4 c5 2. Nf3 e6 3. d4 cxd4 4. Nxd4 Nf6 5. Nc3 Nc6 6. Ndb5 Bb4 7. a3 Bxc3+ 8.
Nxc3 d5 9. exd5 exd5 10. Bd3 O-O 11. O-O d4 12. Ne2 Re8 13. b4 Nd5 14. Bb2 Bg4
15. Qd2 Bxe2 16. Bxe2 Nf4 17. Bf3 Qf6 18. Kh1 Rad8 19. Rae1 Rxe1 20. Rxe1 h6
21. Rd1 Ne5 22. Bxd4 Nxf3 23. gxf3 Qg5 24. Rg1 Rxd4 25. Qe1 Qd5 26. Qe3 Ne6 27.
h3 Qf5 28. Rg3 Qxc2 29. Rg4 Rd1+ 30. Kh2 Qc1 31. Qxc1 Rxc1 32. a4 f5 33. Rh4
Kf7 34. b5 f4 35. Rh5 Rc5 36. Rh4 h5 0-1

[Event "57. Bulgaria ch femenino"]
[Site "Plovdiv BUL"]
[Date "2008.03.21"]
[Round "8.4"]
[White "Trifonova, Sandra"]
[Black "Vladimirova, Maria"]
[Result "1/2-1/2"]
[WhiteElo "1957"]
[BlackElo "1971"]
[PlyCount "36"]
[EventDate "2008.03.15"]
[EventType "tourn"]
[EventRounds "11"]
[EventCountry "BUL"]
[EventCategory "6"]
[Source "lmi"]
[SourceDate "2008.03.14"]

1. d4 Nf6 2. Nf3 e6 3. c4 c5 4. d5 b5 5. dxe6 fxe6 6. cxb5 d5 7. e3 Bd6 8. Nc3
O-O 9. Be2 Bb7 10. O-O Qc7 11. h3 Nbd7 12. a4 Rad8 13. a5 e5 14. b6 axb6 15.
Nb5 Qc6 16. Na7 Qc7 17. Nb5 Qc6 18. Na7 Qc7 1/2-1/2

[Event "57. Bulgaria ch femenino"]
[Site "Plovdiv BUL"]
[Date "2008.03.21"]
[Round "8.5"]
[White "Savova, Stefka"]
[Black "Chilingirova, Pavlina"]
[Result "1/2-1/2"]
[WhiteElo "2165"]
[BlackElo "2213"]
[PlyCount "35"]
[EventDate "2008.03.15"]
[EventType "tourn"]
[EventRounds "11"]
[EventCountry "BUL"]
[EventCategory "6"]
[Source "lmi"]
[SourceDate "2008.03.14"]

1. Nf3 Nf6 2. d4 d5 3. c4 c6 4. cxd5 cxd5 5. Nc3 Nc6 6. Bf4 Bf5 7. e3 e6 8. Bd3
Bxd3 9. Qxd3 Bd6 10. Bxd6 Qxd6 11. a3 O-O 12. O-O Rfc8 13. Rfc1 a6 14. Ne2 Ne4
15. Nd2 Nxd2 16. Qxd2 Ne7 17. Rxc8+ Rxc8 18. Rc1 1/2-1/2

[Event "57. Bulgaria ch femenino"]
[Site "Plovdiv BUL"]
[Date "2008.03.21"]
[Round "8.6"]
[White "Voiska, Margarita"]
[Black "Nikolova, Adriana"]
[Result "0-1"]
[WhiteElo "2333"]
[BlackElo "2194"]
[PlyCount "206"]
[EventDate "2008.03.15"]
[EventType "tourn"]
[EventRounds "11"]
[EventCountry "BUL"]
[EventCategory "6"]
[Source "lmi"]
[SourceDate "2008.03.14"]

1. d4 Nf6 2. Nf3 e6 3. g3 d5 4. Bg2 Bd6 5. O-O O-O 6. c4 c6 7. Nc3 dxc4 8. e4
Bb4 9. Qe2 b5 10. Bg5 h6 11. Bxf6 Qxf6 12. e5 Qe7 13. Nd2 Bb7 14. Nde4 Bxc3 15.
bxc3 Nd7 16. a4 Nb6 17. a5 Nd5 18. f4 Ba6 19. Nc5 Bc8 20. Qd2 Rb8 21. Bxd5 cxd5
22. Rfb1 Bd7 23. Rb4 Bc6 24. Rf1 Qd8 25. a6 Rb6 26. g4 Bd7 27. f5 exf5 28. gxf5
Bc8 29. Qf4 g6 30. f6 Kh7 31. Rfb1 Qe8 32. Qf3 Qc6 33. Qg2 Bf5 34. Rf1 Bc8 35.
Rf4 Rg8 36. Kh1 Bf5 37. Qf2 Bc8 38. Qc2 Rxa6 39. Nxa6 Qxa6 40. Rb1 Bf5 41. Rxf5
gxf5 42. Qxf5+ Kh8 43. Qh3 Rg6 44. Re1 Qa2 45. Qf3 Qd2 46. Rd1 Qg5 47. Qxd5 b4
48. Qa8+ Rg8 49. Qe4 bxc3 50. Rf1 c2 51. Qxc2 Qg4 52. Qf2 c3 53. Qf3 Qxf3+ 54.
Rxf3 Rc8 55. Rf1 Kh7 56. d5 c2 57. Rc1 Kg6 58. d6 Kf5 59. d7 Rd8 60. Rxc2 Kxe5
61. Rc7 a5 62. Ra7 Kxf6 63. Ra6+ Kg7 64. Rxa5 Rxd7 65. Kg2 Rd3 66. Ra6 f6 67.
Ra7+ Kg6 68. Ra8 h5 69. Rg8+ Kf5 70. Rh8 Kg5 71. Rg8+ Kf4 72. Rh8 Rd2+ 73. Kh3
Rd5 74. Kh4 Ke4 75. Kg3 Rg5+ 76. Kf2 Kf4 77. Rf8 f5 78. Ra8 Kg4 79. Ra3 h4 80.
Ra4+ Kh5 81. Ra3 Kg4 82. Ra4+ Kh5 83. Ra3 Rg4 84. Rb3 Kg5 85. Ra3 Rc4 86. Kg2
Kg4 87. Ra2 h3+ 88. Kf2 Rc3 89. Ra4+ f4 90. Ra2 Rb3 91. Rc2 Rb1 92. Rc8 Rb2+
93. Kg1 Kf3 94. Rc1 Rg2+ 95. Kh1 Rd2 96. Re1 Kf2 97. Ra1 Ke2 98. Kg1 f3 99. Rf1
Rd4 100. Kh1 Rd1 101. Rxd1 Kxd1 102. Kg1 Ke1 103. Kh1 Ke2 0-1

[Event "57. Bulgaria ch femenino"]
[Site "Plovdiv BUL"]
[Date "2008.03.22"]
[Round "9.2"]
[White "Chilingirova, Pavlina"]
[Black "Voiska, Margarita"]
[Result "1/2-1/2"]
[WhiteElo "2213"]
[BlackElo "2333"]
[PlyCount "39"]
[EventDate "2008.03.15"]
[EventType "tourn"]
[EventRounds "11"]
[EventCountry "BUL"]
[EventCategory "6"]
[Source "lmi"]
[SourceDate "2008.03.14"]

1. c4 c5 2. Nf3 Nc6 3. g3 g6 4. Nc3 Bg7 5. Bg2 e6 6. e3 Nge7 7. O-O O-O 8. d4
cxd4 9. Nxd4 d5 10. cxd5 Nxd4 11. exd4 Nxd5 12. Nxd5 exd5 13. Be3 Be6 14. Qb3
Qd7 15. Rfc1 Rfc8 16. Qb4 b6 17. a3 h5 18. h4 Bf8 19. Qd2 Rxc1+ 20. Rxc1
1/2-1/2

[Event "57. Bulgaria ch femenino"]
[Site "Plovdiv BUL"]
[Date "2008.03.22"]
[Round "9.3"]
[White "Vladimirova, Maria"]
[Black "Savova, Stefka"]
[Result "1/2-1/2"]
[WhiteElo "1971"]
[BlackElo "2165"]
[PlyCount "126"]
[EventDate "2008.03.15"]
[EventType "tourn"]
[EventRounds "11"]
[EventCountry "BUL"]
[EventCategory "6"]
[Source "lmi"]
[SourceDate "2008.03.14"]

1. e4 c5 2. Nf3 a6 3. d4 cxd4 4. Nxd4 Nf6 5. Nc3 d6 6. Bg5 e6 7. f4 Qb6 8. Nb3
Nbd7 9. Qf3 Qc7 10. O-O-O b5 11. Nd4 Bb7 12. Qh3 Be7 13. Bxf6 Nxf6 14. Qg3 O-O
15. e5 dxe5 16. fxe5 Nh5 17. Qe3 b4 18. Nb1 Rac8 19. Nd2 Rfd8 20. Nc4 Bd5 21.
b3 g6 22. Nf3 Ng7 23. g4 a5 24. Be2 a4 25. Qb6 Qd7 26. Qf2 axb3 27. axb3 Qb7
28. Kb2 Bc5 29. Qh4 Be7 30. Qf2 Ra8 31. Nb6 Ra5 32. Nxd5 exd5 33. Ra1 Rda8 34.
Rxa5 Rxa5 35. Ra1 Rxa1 36. Kxa1 Ne6 37. Kb2 Bc5 38. Qf1 Qc7 39. Qd1 Qa5 40. Qa1
Qxa1+ 41. Kxa1 Nd4 42. Nxd4 Bxd4+ 43. Kb1 Bxe5 44. h3 Bf4 45. c3 bxc3 46. Kc2
d4 47. Kd3 f5 48. gxf5 gxf5 49. b4 Kf7 50. b5 Kf6 51. b6 Bb8 52. Bd1 Ke5 53.
Bb3 Kf4 54. Kxd4 Kg3 55. Kxc3 Kxh3 56. Be6 Kg4 57. Kd2 h5 58. Ke1 h4 59. Kf1 h3
60. Kg1 Kg5 61. Kh1 Bd6 62. Bd7 Kg4 63. Be6 Bb8 1/2-1/2

[Event "57. Bulgaria ch femenino"]
[Site "Plovdiv BUL"]
[Date "2008.03.22"]
[Round "9.4"]
[White "Velcheva, Maria"]
[Black "Trifonova, Sandra"]
[Result "1/2-1/2"]
[WhiteElo "2266"]
[BlackElo "1957"]
[PlyCount "92"]
[EventDate "2008.03.15"]
[EventType "tourn"]
[EventRounds "11"]
[EventCountry "BUL"]
[EventCategory "6"]
[Source "lmi"]
[SourceDate "2008.03.14"]

1. e4 c6 2. d4 d5 3. Nc3 dxe4 4. Nxe4 Bf5 5. Ng3 Bg6 6. h4 h6 7. Nf3 Nd7 8. h5
Bh7 9. Bd3 Bxd3 10. Qxd3 Qc7 11. Bd2 Ngf6 12. O-O-O e6 13. Qe2 O-O-O 14. Ne5
Nb6 15. Ba5 Bd6 16. f4 c5 17. Kb1 cxd4 18. Rxd4 Bxe5 19. Rxd8+ Rxd8 20. fxe5
Nfd7 21. Bc3 Nc4 22. Qg4 g5 23. hxg6 Ndxe5 24. Qe2 Nxg6 25. Ne4 Nf4 26. Qf2 a6
27. b3 Na3+ 28. Kb2 Nb5 29. Bf6 Rg8 30. g3 Nd5 31. Rxh6 Nxf6 32. Qxf6 Nd6 33.
Rh8 Rxh8 34. Qxh8+ Kd7 35. Nf6+ Kc6 36. Qh1+ Kb6 37. Qg1+ Kc6 38. Qg2+ Kb6 39.
Qf2+ Kc6 40. Qf3+ Kb6 41. Qe3+ Kc6 42. Qc3+ Kb6 43. Qd4+ Kc6 44. Qc3+ Kb6 45.
Qd4+ Kc6 46. Qc3+ Kb6 1/2-1/2